| 000 | 00604am a2200241a 44500 | ||
|---|---|---|---|
| 003 | AR-BaBNM | ||
| 005 | 20251128211126.0 | ||
| 008 | 202120s2002 #AR|||||||||||000 | esp|| | ||
| 020 | _a950-694-668-X | ||
| 040 | _cAR-BaBNM | ||
| 100 | 1 | _aTedesco, Luis O. | |
| 245 | 1 | 0 | _aAquel corazón descamisado |
| 250 | _a1ª ed. | ||
| 260 |
_aBuenos Aires _bGrupo Editor Latinoamericano _c2002 |
||
| 300 | _a197 p. | ||
| 490 | 0 | _aEscritura de hoy | |
| 650 | 4 | _aLITERATURA ARGENTINA | |
| 650 | 4 | _aLITERATURA CONTEMPORANEA | |
| 650 | 4 | _aPOESIA | |
| 655 | _aLITERATURA | ||
| 942 | _cBK | ||
| 998 | _cMARTIN | ||
| 999 |
_c18343 _d18343 |
||